Methods of fertilizer application / (Record no. 3634)

MARC details
000 -LEADER
fixed length control field 00609cam a2200205 a 4500
001 - CONTROL NUMBER
control field BD-DhSAU 3634
003 - CONTROL NUMBER IDENTIFIER
control field BD-DhSAU
005 - DATE AND TIME OF LATEST TRANSACTION
control field 20150208151506.0
008 - FIXED-LENGTH DATA ELEMENTS--GENERAL INFORMATION
fixed length control field 841204s1984 ii a s 000 0 eng
040 ## - CATALOGING SOURCE
Original cataloging agency BD-DhSAU
082 00 - DEWEY DECIMAL CLASSIFICATION NUMBER
Classification number 631.81
Edition number 22
Item number MET
130 0# - MAIN ENTRY--UNIFORM TITLE
Uniform title Sposoby vnesenii︠a︡ udobreniĭ.
Language of a work English.
245 10 - TITLE STATEMENT
Title Methods of fertilizer application /
Statement of responsibility, etc. editor-in-chief, V.E. Bulaev.
260 ## - PUBLICATION, DISTRIBUTION, ETC. (IMPRINT)
Place of publication, distribution, etc. New Delhi :
Name of publisher, distributor, etc. Oxonian Press ,
Date of publication, distribution, etc. c1984.
300 ## - PHYSICAL DESCRIPTION
Extent xi, 228 p. :
Other physical details ill. ;
Dimensions 25 cm.
590 ## - Name of Cataloguer
Name of Cataloger tamanna
650 #0 - SUBJECT ADDED ENTRY--TOPICAL TERM
Topical term or geographic name as entry element Fertilizers
General subdivision Application.
650 #0 - SUBJECT ADDED ENTRY--TOPICAL TERM
Topical term or geographic name as entry element soil science
700 1# - ADDED ENTRY--PERSONAL NAME
Personal name Bulaev, V. E.
942 ## - ADDED ENTRY ELEMENTS (KOHA)
Source of classification or shelving scheme Dewey Decimal Classification
Koha item type Book
Holdings
Withdrawn status Lost status Source of classification or shelving scheme Damaged status Not for loan Home library Branch Name Shelving location Date acquired Total Checkouts Full call number Barcode Date last seen Price effective from Koha item type Collection code
    Dewey Decimal Classification     SAU Library SAU Library General Stacks 20/06/1990   631.81 MET 15587 08/02/2015 08/02/2015 Book  
    Dewey Decimal Classification   Not For Loan SAU Library SAU Library Reference 22/06/1998   631.81 MET 11617 11/04/2015 11/04/2015 Book Reference
    Dewey Decimal Classification   Not For Loan SAU Library SAU Library Reference 29/06/1988   631.81 MET 11621 07/05/2015 07/05/2015 Book